header

Understanding agency (Record no. 213379)

MARC details
000 -LEADER
fixed length control field 01384nam a2200361 a 4500
082 04 - DEWEY DECIMAL CLASSIFICATION NUMBER
Classification number 302/.1
100 1# - MAIN ENTRY--AUTHOR NAME
Personal name Barnes, Barry.
245 10 - TITLE STATEMENT
Title Understanding agency
260 ## - PUBLICATION, DISTRIBUTION, ETC. (IMPRINT)
Place of publication London ;
-- Thousand Oaks, Calif. :
Name of publisher Sage,
Year of publication 2000.
300 ## - PHYSICAL DESCRIPTION
Number of Pages xii, 163 p.
505 0# - FORMATTED CONTENTS NOTE
Formatted contents note pt. 1. Materials and arguments -- pt. 2. Speculations and evaluations.
650 #0 - SUBJECT ADDED ENTRY--TOPICAL TERM
Topical Term Responsibility.
Topical Term Agent (Philosophy)
Topical Term Sociology
856 40 - ELECTRONIC LOCATION AND ACCESS
Uniform Resource Identifier http://site.ebrary.com/lib/rucke/Doc?id=10369688

No items available.

© 2026 Rongo University
Contact us: librarian | system librarian | Rongo university